000 00318nam a22001337a 4500
008 170904b xxu||||| |||| 00| 0 eng d
020 _a9780077358648
041 _aeng
080 _a070
100 _a40
101 _aMED
245 _aGUIDE WRITING FOR COLLEGE WRITING FOR LIFE
_cROEN.D
942 _2udc
_cBK
999 _c26038
_d26038